Przeliteruj stolicę Kazachstanu - Statystyki

Ogólne statystyki
  • Ten quiz został rozwiązany 150 razy
  • Średni wynik to 9 z 9
Statystyki odpowiedzi
Litera % Poprawnych
N
100%
R
98%
U
98%
Ł
97%
S
97%
U
97%
A
95%
N
95%
T
95%
Nie znaleziono quizów pasujących do podanych kryteriów
Rozkład punktacji
Procent ludzi z każdym wynikiem
Percentyl według liczby udzielonych odpowiedzi
Twoja historia wyników
Nie rozwiązałeś tego quizu